00684nam a2200205 i 450000100060000000300090000600500170001500700030003200800410003508000180007610000260009424500820012026000480020230000220025065000200027265000210029285200220031399900170033595201260035278155ES-MaACL20230906173551.0t|041011s1959 sp ||||1| spa d a174.4:159.9471 aHart, Hornell.96196313aEl éxito por el autocondicionismo / cHornell Hart ; traducción de F.M.I. aBarcelona : bJuventud, c[1959] (fAtenas) a256 p. ; c23 cm. 4aÉxito.912681 4aVoluntad.9178484 aES-MaACLjC-17947 c78155d78155 00104070aATENEOMbATENEOMcGaleríad2008-01-17eSCl0oC-17947p1081758r2023-02-23 00:00:00w2023-02-23yMONOGRAFIA